Java software solutions : (Record no. 28353)
[ view plain ]
| 000 -LEADER | |
|---|---|
| fixed length control field | 01798cam a22004454a 4500 |
| 001 - CONTROL NUMBER | |
| control field | 12789055 |
| 003 - CONTROL NUMBER IDENTIFIER | |
| control field | EG-ScBUE |
| 005 - DATE AND TIME OF LATEST TRANSACTION | |
| control field | 20200317112400.0 |
| 006 - FIXED-LENGTH DATA ELEMENTS--ADDITIONAL MATERIAL CHARACTERISTICS--GENERAL INFORMATION | |
| fixed length control field | m||||fq||h 00| 0 |
| 008 - FIXED-LENGTH DATA ELEMENTS--GENERAL INFORMATION | |
| fixed length control field | 020528t2003 maua f d 001 0 eng d |
| 020 ## - INTERNATIONAL STANDARD BOOK NUMBER | |
| International Standard Book Number | 0201781298 (alk. paper) |
| 020 ## - INTERNATIONAL STANDARD BOOK NUMBER | |
| International Standard Book Number | 9780201781298 |
| 040 ## - CATALOGING SOURCE | |
| Original cataloging agency | DLC |
| Language of cataloging | eng |
| Description conventions | rda |
| Transcribing agency | DLC |
| Modifying agency | DLC |
| -- | EG-ScBUE |
| 082 04 - DEWEY DECIMAL CLASSIFICATION NUMBER | |
| Classification number | 005.133 |
| Item number | LEW |
| Edition number | 22 |
| 100 1# - MAIN ENTRY--PERSONAL NAME | |
| Personal name | Lewis, John, |
| Dates associated with a name | 1963- |
| Relator term | author. |
| 245 10 - TITLE STATEMENT | |
| Title | Java software solutions : |
| Remainder of title | foundations of program design / |
| Statement of responsibility, etc | John Lewis, Villanova University, William Loftus, Gestalt, LLC. |
| 250 ## - EDITION STATEMENT | |
| Edition statement | Third edition. |
| 264 #1 - PUBLICATION, DISTRIBUTION, ETC. (IMPRINT) | |
| Place of publication, distribution, etc | Boston : |
| Name of publisher, distributor, etc | Addison Wesley : |
| -- | Pearson Education, Inc., |
| Date of publication, distribution, etc | [2003] |
| 264 #4 - PUBLICATION, DISTRIBUTION, ETC. (IMPRINT) | |
| Date of publication, distribution, etc | c2003 |
| 300 ## - PHYSICAL DESCRIPTION | |
| Extent | xxix, 924 pages : |
| Other physical details | color illustrations ; |
| Dimensions | 23 cm + |
| Accompanying material | 1 CD |
| 336 ## - CONTENT TYPE | |
| Source | rdacontent |
| Content type term | text |
| Content type code | txt |
| 336 ## - CONTENT TYPE | |
| Source | rdacontent |
| Content type term | sounds |
| Content type code | snd |
| 337 ## - MEDIA TYPE | |
| Source | rdamedia |
| Media type term | unmediated |
| Media type code | n |
| 337 ## - MEDIA TYPE | |
| Source | rdamedia |
| Media type term | audio |
| Media type code | s |
| 338 ## - CARRIER TYPE | |
| Source | rdacarrier |
| Carrier type term | volume |
| Carrier type code | nc |
| 338 ## - CARRIER TYPE | |
| Source | rdacarrier |
| Carrier type term | computer disc |
| Carrier type code | cd |
| 500 ## - GENERAL NOTE | |
| General note | Includes index. |
| 500 ## - GENERAL NOTE | |
| General note | Includes glossary. |
| 500 ## - GENERAL NOTE | |
| General note | Includes appendices. |
| 520 ## - SUMMARY, ETC. | |
| Summary, etc | This text provides an introduction to both the Java programming language and the techniques for writing high-quality programs. It offers an object-oriented approach that progresses naturally. |
| 650 #7 - SUBJECT ADDED ENTRY--TOPICAL TERM | |
| Topical term or geographic name as entry element | Java (Computer program language) |
| Source of heading or term | BUEsh |
| 650 #7 - SUBJECT ADDED ENTRY--TOPICAL TERM | |
| Topical term or geographic name as entry element | Object-oriented programming (Computer science) |
| Source of heading or term | BUEsh |
| 653 ## - INDEX TERM--UNCONTROLLED | |
| Resource For college | Informatics and Computer Science |
| Arrived date list | March2020 |
| 655 ## - INDEX TERM--GENRE/FORM | |
| Form subdivision | Reading book |
| 9 (RLIN) | 34232 |
| 700 1# - ADDED ENTRY--PERSONAL NAME | |
| Personal name | Loftus, William, |
| Relator term | author. |
| 9 (RLIN) | 40905 |
| 906 ## - LOCAL DATA ELEMENT F, LDF (RLIN) | |
| a | 0 |
| b | vip |
| c | orignew |
| d | 1 |
| e | ocip |
| f | 20 |
| g | y-gencatlg |
| 942 ## - ADDED ENTRY ELEMENTS (KOHA) | |
| Source of classification or shelving scheme | Dewey Decimal Classification |
| Koha item type | Book - Borrowing |
| Withdrawn status | Lost status | Source of classification or shelving scheme | Damaged status | Not for loan | Collection code | Home library | Current library | Shelving location | Date acquired | Source of acquisition | Total Checkouts | Full call number | Barcode | Date last seen | Price effective from | Koha item type |
|---|---|---|---|---|---|---|---|---|---|---|---|---|---|---|---|---|
| Dewey Decimal Classification | Baccah | Central Library | Central Library | Lower Floor | 17/03/2020 | Purchase | 005.133 LEW | 000049023 | 15/07/2025 | 17/03/2020 | Book - Borrowing | |||||
| Dewey Decimal Classification | Baccah | Central Library | Central Library | Lower Floor | 17/03/2020 | Purchase | 005.133 LEW | 000049792 | 24/08/2022 | 17/03/2020 | CD | DVD - With book | |||||
| Dewey Decimal Classification | Baccah | Central Library | Central Library | Lower Floor | 20/10/2020 | Purchase | 005.133 LEW | 000050102 | 15/07/2025 | 20/10/2020 | Book - Borrowing | |||||
| Dewey Decimal Classification | Baccah | Central Library | Central Library | Lower Floor | 20/10/2020 | Purchase | 005.133 LEW | 000050103 | 24/08/2022 | 20/10/2020 | CD | DVD - With book |